Laboratorio virtual de química general

Bibliographic Details
Main Authors: Woodfield, Brian., Asplund, Matthew, Haderlie, Steven
Format: Section = Libro
Language:Undetermined
Spanish
Published: México Pearson Educación 2009
Edition:3a.ed.
Subjects:
LEADER 00676nam a2200253Ia 4500
008 240829s9999 xx 000 0 und d
020 |a 978-607-442-2010-8 
040 |a BIBLIOTECA-RUSB/ 542.1 W887 
041 |a spa 
082 |a 542.1 W887 
100 1 |a Woodfield, Brian. 
100 1 |b  Asplund, Matthew 
100 1 |c  Haderlie, Steven 
245 1 0 |a Laboratorio virtual de química general 
250 |a 3a.ed. 
260 |a México  |b Pearson Educación  |c 2009 
300 |a 228 p. :il. 
650 7 |a QUIMICA-LABORATORIO 
650 7 |b  LABORATORIO VIRTUAL 
650 7 |c  QUIMICA-MANUAL 
650 7 |d  QUIMICA-EXPERIMENTO 
942 |c BK  |2 ddc 
991 |a TEXTO 
999 |c 2418